000 00594nam a2200229Ia 4500
003 OSt
005 20220928131531.0
006 a|||||r|||| 00| 0
007 ta
008 220927b |||||||| |||| 00| 0 eng d
024 _a46134
037 _cTextual
040 _aSDCL
_cSDCL
_beng
041 _2eng
_aeng
082 _aX:77n1,N97, N9
100 _aWorld Bank
245 0 _aWorld development indicatiors1999
260 _aWashington
_bWorld Bank
_c1999
300 _axxv,399p
_ccm.
942 _hX:77n1,N97, N9
_cTEXL
_2CC
999 _c791199
_d791199